Who Am I? Presidents of the United States Quiz Stats

 Plays Quiz Updated Jun 25, 2018

Score 0/44 Timer 12:00
2 Plays Today
% Correct
Jefferson, Thomas
86.5%
Carter, Jimmy
85%
Kennedy, John F.
77.7%
Reagan, Ronald
77.4%
Obama, Barack
72.9%
Bush, George W.
71.6%
Trump, Donald
67.2%
Clinton, Bill
65.6%
Lincoln, Abraham
60.4%
Nixon, Richard M.
59.9%
Bush, George H. W.
58.4%
Roosevelt, Theodore
58.4%
Taft, William Howard
56.4%
Grant, Ulysses S.
49.9%
Adams, John
48.3%
Johnson, Lyndon B.
47.8%
Eisenhower, Dwight D.
47.5%
Harding, Warren G.
45.9%
Roosevelt, Franklin D.
41.4%
Washington, George
40%
Adams, John Quincy
37%
Buchanan, James
36.7%
% Correct
Wilson, Woodrow
35.6%
McKinley, William
34.8%
Ford, Gerald R.
33.9%
Polk, James K.
32.6%
Taylor, Zachary
32%
Madison, James
30.5%
Tyler, John
30.4%
Van Buren, Martin
29.7%
Pierce, Franklin
29.2%
Johnson, Andrew
29.2%
Jackson, Andrew
26.1%
Coolidge, Calvin
25.9%
Harrison, William Henry
23.3%
Cleveland, Grover
23.1%
Truman, Harry S.
21.4%
Arthur, Chester A.
20.5%
Hoover, Herbert
16.2%
Monroe, James
15.9%
Fillmore, Millard
14.8%
Garfield, James A.
14.6%
Harrison, Benjamin
14.4%
Hayes, Rutherford B.
11.1%

You're not logged in!

Compare scores with friends on all Sporcle quizzes.
Join for Free
OR
Log In

You Might Also Like...

Show Comments

Extras

Top Quizzes Today


Score Distribution

Your Account Isn't Verified!

In order to create a playlist on Sporcle, you need to verify the email address you used during registration. Go to your Sporcle Settings to finish the process.

Report this User

Report this user for behavior that violates our Community Guidelines.

Details: